L'archéologie et ses secrets
Сохранить в:
| Главный автор: | |
|---|---|
| Формат: | |
| Язык: | Undetermined |
| Опубликовано: |
Paris
Fernand Nathan
1983
|
| Предметы: | |
| Метки: |
Добавить метку
Нет меток, Требуется 1-ая метка записи!
|
| Thư viện lưu trữ: | Trung tâm Học liệu Trường Đại học Cần Thơ |
|---|
| LEADER | 00459nam a2200181Ia 4500 | ||
|---|---|---|---|
| 001 | CTU_10626 | ||
| 008 | 210402s9999 xx 000 0 und d | ||
| 082 | |a 930.1 | ||
| 082 | |b R119 | ||
| 100 | |a Guy Rachet | ||
| 245 | 0 | |a L'archéologie et ses secrets | |
| 245 | 0 | |c Guy Rachet | |
| 260 | |a Paris | ||
| 260 | |b Fernand Nathan | ||
| 260 | |c 1983 | ||
| 650 | |a archaeology | ||
| 904 | |i Minh, 961010 | ||
| 980 | |a Trung tâm Học liệu Trường Đại học Cần Thơ | ||